Fred's Too Sexy... for this Picture Quiz - Statistics

General Stats
  • This quiz has been taken 198 times
  • The average score is 7 of 10
Answer Stats
Picture Answer % Correct
... my shirt
94%
... my cat
93%
... my car
91%
... my love
88%
... your body
73%
... New York
70%
... my hat
65%
... this song
58%
... Japan
49%
... Milan
45%
No matching quizzes found
Score Distribution
Percent of People with Each Score
Percentile by Number Answered
Your Score History
You have not taken this quiz